Why history is more than a past concern (Record no. 118098)
[ view plain ]
| 000 -LEADER | |
|---|---|
| fixed length control field | 01862cam a2200289 4500 |
| 001 - CONTROL NUMBER | |
| control field | ABS68285 |
| 008 - FIXED-LENGTH DATA ELEMENTS--GENERAL INFORMATION | |
| fixed length control field | 041001n2004 000 0 eng u |
| 035 ## - SYSTEM CONTROL NUMBER | |
| System control number | (Sirsi) u127592 |
| 100 ## - MAIN ENTRY--PERSONAL NAME | |
| Personal name | Willis, B. |
| 245 ## - TITLE STATEMENT | |
| Title | Why history is more than a past concern |
| 260 ## - PUBLICATION, DISTRIBUTION, ETC. | |
| Date of publication, distribution, etc. | 2004 |
| 490 ## - SERIES STATEMENT | |
| Series statement | Axis |
| Volume/sequential designation | 58(4) September/October 2004, 12-13(2) |
| 520 ## - SUMMARY, ETC. | |
| Summary, etc. | Looks at the role Britain's historic building environment has to play in the modern approach to regeneration and suggests that changes are needed to the way that old buildings are simultaneously conserved and used effectively. Discusses the key findings of the House of Commons ODPM select committee report "The role of historic buildings in urban regeneration", which argues that the regeneration of old buildings has a central role in the wider revival of depressed areas and demonstrates the feasibility of integrating the protection of historic buildings with the planning system, which would require the transfer of responsibility from the DCMS to the ODPM. Refers to the English Heritage' conservation area partnership scheme and cites the example of Newcastle's Grainger Town as a successful heritage-led regeneration project. View the ODPM select committee report at www.publications.parliament.uk. |
| 590 ## - LOCAL NOTE (RLIN) | |
| Local note | ABS |
| 590 ## - LOCAL NOTE (RLIN) | |
| Local note | ABS |
| 650 ## - SUBJECT ADDED ENTRY--TOPICAL TERM | |
| Topical term or geographic name entry element | CONSERVATION AREA PARTNERSHIPS |
| 650 ## - SUBJECT ADDED ENTRY--TOPICAL TERM | |
| Topical term or geographic name entry element | PLANNING SYSTEM |
| 650 ## - SUBJECT ADDED ENTRY--TOPICAL TERM | |
| Topical term or geographic name entry element | DEPRIVED AREAS |
| 650 ## - SUBJECT ADDED ENTRY--TOPICAL TERM | |
| Topical term or geographic name entry element | GRAINGER TOWN |
| 650 ## - SUBJECT ADDED ENTRY--TOPICAL TERM | |
| Topical term or geographic name entry element | URBAN REGENERATION |
| 650 ## - SUBJECT ADDED ENTRY--TOPICAL TERM | |
| Topical term or geographic name entry element | NEWCASTLE |
| 650 ## - SUBJECT ADDED ENTRY--TOPICAL TERM | |
| Topical term or geographic name entry element | HISTORIC BUILDINGS |
| 690 ## - LOCAL SUBJECT ADDED ENTRY--TOPICAL TERM (OCLC, RLIN) | |
| Topical term or geographic name as entry element | REGENERATION |
| 856 ## - ELECTRONIC LOCATION AND ACCESS | |
| Uniform Resource Identifier | <a href="https://www.publications.parliament.uk/pa/cm200304/cmselect/cmodpm/47/4702.htm">https://www.publications.parliament.uk/pa/cm200304/cmselect/cmodpm/47/4702.htm</a> |
| Public note | View the report on the UK parliament website... |
| 856 ## - ELECTRONIC LOCATION AND ACCESS | |
| Uniform Resource Identifier | <a href="https://www.publications.parliament.uk/pa/cm200304/cmselect/cmodpm/47/4702.htm">https://www.publications.parliament.uk/pa/cm200304/cmselect/cmodpm/47/4702.htm</a> |
| Public note | View the report on the UK parliament website... |
| 942 ## - ADDED ENTRY ELEMENTS (KOHA) | |
| Suppress in OPAC | 0 |
| Withdrawn status | Lost status | Source of classification or shelving scheme | Damaged status | Not for loan | Home library | Current library | Shelving location | Date acquired | Total Checkouts | Full call number | Barcode | Date last seen | Copy number | Price effective from | Koha item type |
|---|---|---|---|---|---|---|---|---|---|---|---|---|---|---|---|
| Dewey Decimal Classification | London | London | Journal article | 01/10/2004 | ABS68285 | 127592-1001 | 06/08/2019 | 1 | 06/08/2019 | Journal article |